[Event "BCF-ch 86th"]
[Site "Scarborough"]
[Date "1999.08.12"]
[Round "11"]
[White "Jackson, Oliver"]
[Black "Rudd, Jack"]
[Result "0-1"]
[WhiteElo "2242"]
[BlackElo "2185"]
[PlyCount "84"]
[EventDate "1999.08.05"]
[Source "ChessBase"]
[SourceDate "1999.09.14"]

1. e4 e5 2. f4 exf4 3. Nf3 g5 4. d4 g4 5. Bxf4 gxf3 6. Qxf3 d5 7. Nc3 dxe4 8. Qxe4+ Be6 9. Be5 Nf6 10. Qxb7 Nbd7 11. Bb5 Bg7 12. Bxc7 Qc8 13. Ba6 Nb6 14. Bd6 Qxb7 15. Bxb7 Rd8 16. Nb5 Kd7 17. Be5 Nc4 18. O-O-O Rb8 19. Bxb8 Rxb8 20. d5 Bg4 21. Bc6+ Kd8 22. Rd4 Ne4 23. Rxc4 Bh6+ 24. Kb1 Nd2+ 25. Ka1 Nxc4 26. Re1 Ne3 27. Nd4 Rb4 28. Rxe3 Bxe3 29. c3 Rb6 30. Nc2 Bd2 31. a3 Bc1 32. b4 Bf5 33. Nd4 Bd3 34. a4 Be3 35. a5 Bxd4 36. axb6 Bxc3+ 37. Ka2 axb6 38. Kb3 Be5 39. g3 Kc7 40. Be8 f6 41. Bf7 Kd6 42. Be6 b5 0-1

[Event "Leverkusen 9899"]
[Site "Leverkusen"]
[Date "1998.12.28"]
[Round "3"]
[White "Mueller, Dieter"]
[Black "Kocur, Alojzy"]
[Result "0-1"]
[WhiteElo "2150"]
[BlackElo "2260"]
[PlyCount "68"]
[EventDate "1998.12.??"]
[Source "www.chesslib.no"]
[SourceDate "2004.05.04"]

1. e4 e5 2. f4 exf4 3. Nf3 g5 4. d4 d6 5. h4 g4 6. Ng1 Qf6 7. Ne2 Bh6 8. Nec3 Ne7 9. Na3 O-O 10. Be2 Kh8 11. Bxg4 Bxg4 12. Qxg4 Rg8 13. Qf3 Nbc6 14. Ne2 Ng6 15. Qh5 Nxd4 16. Qxh6 Rae8 17. Nc3 Qf5 18. O-O Qg4 19. Qg5 Nxh4 20. Qxg4 Rxg4 21. Rxf4 Rxg2+ 22. Kf1 Rh2 23. Rg4 f5 24. exf5 Ndxf5 25. Bf4 Ne3+ 26. Bxe3 Rxe3 27. Rf4 Rg3 28. Rd1 Ng2 29. Kf2 Rgh3 30. Rf8+ Kg7 31. Rc8 Nf4+ 32. Ke1 Rg2 33. Rxc7+ Kf8 34. Rc8+ Ke7 0-1

[Event "Bermuda"]
[Site "Bermuda BER"]
[Date "1996.??.??"]
[Round "10"]
[White "Black, Richard"]
[Black "Ippolito, Dean"]
[Result "0-1"]
[WhiteElo "2200"]
[BlackElo "2205"]
[PlyCount "72"]
[EventDate "1996.??.??"]
[Source "www.chesslib.no"]
[SourceDate "2004.05.04"]

1. e4 e5 2. f4 exf4 3. Nf3 g5 4. d4 Bg7 5. h4 h6 6. hxg5 hxg5 7. Rxh8 Bxh8 8. g3 d6 9. gxf4 gxf4 10. Bxf4 Bg4 11. Nc3 Nc6 12. Bb5 a6 13. Bxc6+ bxc6 14. Qd3 Qf6 15. Ne2 Ne7 16. O-O-O Ng6 17. Qe3 Nxf4 18. Nxf4 O-O-O 19. c3 Re8 20. Rf1 Qh6 21. Nd2 f5 22. Nd5 Qh3 23. Qxh3 Bxh3 24. Rh1 cxd5 25. Rxh3 dxe4 26. Rh5 Rf8 27. Kd1 Bg7 28. Ke2 Rf6 29. Nf1 f4 30. a4 Bh6 31. a5 f3+ 32. Kf2 e3+ 33. Nxe3 Bxe3+ 34. Kf1 Rg6 35. Rh8+ Kb7 36. Rh1 f2 0-1

[Event "Corr"]
[Site "?"]
[Date "2000.06.20"]
[Round "?"]
[White "Therrien Jeff (USA)"]
[Black "Gach Andrew (USA)"]
[Result "0-1"]
[WhiteElo "2070"]
[BlackElo "2323"]
[PlyCount "84"]
[EventDate "2000.??.??"]
[Source "www.chesslib.no"]
[SourceDate "2004.05.04"]

1. e4 e5 2. f4 exf4 3. Nf3 g5 4. d4 g4 5. Ne5 Qh4+ 6. Kd2 d6 7. Nd3 Bg7 8. Nxf4 Qf2+ 9. Ne2 Bxd4 10. Qe1 Nf6 11. Kd1 Qxe1+ 12. Kxe1 Be5 13. Nbc3 Be6 14. Bg5 Nc6 15. a3 O-O-O 16. Rd1 Rde8 17. Bd2 h5 18. g3 Bc4 19. Bg2 Nd4 20. Nxd4 Bxd4 21. b3 Nxe4 22. Nxe4 Bd5 23. Ke2 Bxe4 24. Bxe4 Rxe4+ 25. Kd3 Rhe8 26. Rhf1 Bh8 27. c3 f6 28. c4 Kd7 29. Bc3 Re2 30. Rd2 Rxd2+ 31. Bxd2 Ke6 32. Re1+ Kf7 33. Rxe8 Kxe8 34. Ke4 Kf7 35. Kf5 Bg7 36. Bc3 a6 37. a4 c6 38. a5 d5 39. Bd4 dxc4 40. bxc4 Bh6 41. Bxf6 Be3 42. Bc3 b5 0-1

[Event "IRL-ch"]
[Site "Dublin"]
[Date "1997.07.20"]
[Round "9"]
[White "Keogh, Eamon"]
[Black "McMahon, Daire"]
[Result "0-1"]
[WhiteElo "2170"]
[BlackElo "2215"]
[PlyCount "50"]
[EventDate "1997.07.12"]
[Source "ChessBase"]
[SourceDate "1997.09.26"]

1. e4 e5 2. f4 exf4 3. Nf3 g5 4. d4 h6 5. Bc4 Bg7 6. h4 d6 7. e5 Nc6 8. exd6 cxd6 9. Qe2+ Kf8 10. hxg5 hxg5 11. Rxh8 Bxh8 12. d5 Nd4 13. Nxd4 Bxd4 14. c3 Be5 15. Nd2 g4 16. Nf1 Qh4+ 17. Kd1 Ne7 18. Bd2 f3 19. Qe4 Bf5 20. g3 Bxe4 21. gxh4 g3 22. Bh6+ Kg8 23. Nxg3 Bxg3 24. Kd2 Kh7 25. Ke3 f5 0-1

[Event "SVK-chT1E 0001"]
[Site "?"]
[Date "2000.??.??"]
[Round "3"]
[White "Okos Alexander"]
[Black "Sedlacek Pavol"]
[Result "0-1"]
[WhiteElo "2149"]
[BlackElo "2202"]
[PlyCount "42"]
[EventDate "2000.??.??"]
[Source "www.chesslib.no"]
[SourceDate "2004.05.04"]

1. e4 e5 2. f4 exf4 3. Nf3 g5 4. d4 Bg7 5. Bc4 h6 6. Nc3 d6 7. h3 Ne7 8. Qd3 c6 9. a4 a5 10. Bd2 Na6 11. O-O-O d5 12. exd5 cxd5 13. Bb5+ Kf8 14. Rhe1 Bf5 15. Qf1 Nb4 16. Re2 Bxc2 17. Rde1 Bd3 18. Ne5 Bxe5 19. dxe5 d4 20. Qf3 dxc3 21. Bxc3 Na2+ 0-1

[Event "Staunton CC King´s Gambit theme-A"]
[Site "Groningen"]
[Date "2002.09.06"]
[Round "1"]
[White "Geurink, Jasper"]
[Black "Houtman, Joop"]
[Result "0-1"]
[WhiteElo "2209"]
[BlackElo "2141"]
[PlyCount "62"]
[EventDate "2002.09.??"]
[Source "ChessBase"]
[SourceDate "2002.11.06"]

1. e4 e5 2. f4 exf4 3. Nf3 g5 4. d4 d6 5. Bc4 Bg7 6. O-O Nc6 7. c3 h6 8. Qb3 Qe7 9. Nbd2 Nf6 10. Bd3 O-O 11. a4 Na5 12. Qc2 Ng4 13. Nb3 Nxb3 14. Qxb3 c6 15. Qc2 Re8 16. Bd2 Be6 17. Rae1 Qc7 18. h3 Nf6 19. c4 Nh5 20. Bc3 Ng3 21. Rf2 a5 22. d5 Bxc3 23. Qxc3 cxd5 24. exd5 Bf5 25. Rxe8+ Rxe8 26. Bxf5 Nxf5 27. Qf6 Qc5 28. Nxg5 hxg5 29. Qxf5 Re1+ 30. Kh2 Qxf2 31. Qxg5+ Kf8 0-1

[Event "Stockholm Open"]
[Site "Stockholm SWE"]
[Date "1994.??.??"]
[Round "?"]
[White "Furhoff, Johan"]
[Black "Kallgren, Mikael"]
[Result "1-0"]
[WhiteElo "2320"]
[BlackElo "2020"]
[PlyCount "33"]
[EventDate "1994.??.??"]
[Source "www.chesslib.no"]
[SourceDate "2004.05.04"]

1. e4 e5 2. f4 exf4 3. Nf3 g5 4. d4 Bg7 5. Nc3 g4 6. Bxf4 gxf3 7. Qxf3 Nc6 8. Bc4 Nxd4 9. Bxf7+ Kxf7 10. Qh5+ Kf8 11. O-O Nf6 12. Be5 Qe8 13. Rxf6+ Bxf6 14. Qh6+ Kg8 15. Qxf6 Nf3+ 16. Qxf3 Qxe5 17. Rf1 1-0

[Event "Boston, MA"]
[Site "?"]
[Date "1997.??.??"]
[Round "8"]
[White "Nemchenok Jacob"]
[Black "Schmitt Larry"]
[Result "1/2-1/2"]
[WhiteElo "2123"]
[BlackElo "2180"]
[PlyCount "139"]
[EventDate "1997.??.??"]
[Source "www.chesslib.no"]
[SourceDate "2004.05.04"]

1. e4 e5 2. f4 exf4 3. Nf3 g5 4. d4 Bg7 5. h4 h6 6. hxg5 hxg5 7. Rxh8 Bxh8 8. g3 Nc6 9. gxf4 g4 10. Ng5 d5 11. e5 f6 12. Qd3 fxg5 13. Qh7 Kf8 14. Qxh8 Nxd4 15. Bd3 Qe7 16. Be3 Nf5 17. Bxf5 Bxf5 18. Nc3 gxf4 19. Nxd5 Qh7 20. Bc5+ Kf7 21. e6+ Kg6 22. Nxf4+ Kg5 23. Qxh7 Bxh7 24. Nd5 c6 25. Nc7 Rc8 26. Bd6 Kf6 27. O-O-O Bf5 28. Re1 Ne7 29. Bg3 Rxc7 30. Bxc7 Bxe6 31. Bd8 Kf7 32. Bxe7 Kxe7 33. Kd2 b5 34. Ke3 a5 35. Kf4 Kd6 36. Rd1+ Kc7 37. a3 a4 38. Rh1 Kd6 39. Rd1+ Kc7 40. Ke5 Bd5 41. Kf4 Bf3 42. Rd3 Kb6 43. Rd8 Kc5 44. Ke3 Bd5 45. Kf4 Bf3 46. Rd7 Be2 47. Ke3 Bf3 48. Rd4 Be2 49. Rf4 Bf3 50. b3 axb3 51. cxb3 Bd1 52. b4+ Kb6 53. Rf7 Bf3 54. Kd4 Bd5 55. Rg7 Bf3 56. Ke5 Be2 57. Kd6 Bf3 58. Kd7 Kb7 59. Rg5 Kb8 60. Rg8+ Kb7 61. Kd6 Kb6 62. Rb8+ Ka7 63. Rf8 Kb6 64. Rf7 Bd5 65. Rg7 Bf3 66. Rg6 Kb7 67. Kc5 Kc7 68. Rg7+ Kd8 69. Kd4 Kc8 70. Ke3 1/2-1/2

[Event "It (Open) Piacenza ITA"]
[Site "?"]
[Date "2005.10.26"]
[Round "6"]
[White "Krivanek Vladimir"]
[Black "Snorek Milan"]
[Result "0-1"]
[WhiteElo "2078"]
[BlackElo "2219"]
[PlyCount "58"]
[EventDate "2005.??.??"]
[Source "www.chesslib.no"]
[SourceDate "2004.05.04"]

1. e4 e5 2. f4 exf4 3. Nf3 g5 4. d4 g4 5. Bxf4 gxf3 6. Qxf3 d5 7. Be5 dxe4 8. Qg3 f6 9. Bxc7 Qxd4 10. Nc3 Nc6 11. Rd1 Qb4 12. Be2 Be6 13. Bh5+ Bf7 14. Qh3 Be7 15. Bg4 h5 16. Bd7+ Kf8 17. O-O Qc5+ 18. Kh1 Ne5 19. Bxe5 Qxe5 20. Rf5 Qc7 21. Rff1 Rd8 22. Nxe4 Qxc2 23. Qf3 Qc7 24. Ba4 Rxd1 25. Rxd1 h4 26. Qf5 Rh5 27. Qf3 Re5 28. Nf2 Bh5 29. Ng4 Qa5 0-1

[Event "Corr"]
[Site "?"]
[Date "2000.10.01"]
[Round "?"]
[White "Efendiyev Enver Mikhaylovich"]
[Black "Kudryavtsev Yaroslav"]
[Result "1-0"]
[WhiteElo "2328"]
[BlackElo "1938"]
[PlyCount "45"]
[EventDate "2000.??.??"]
[Source "www.chesslib.no"]
[SourceDate "2004.05.04"]

1. e4 e5 2. f4 exf4 3. Nf3 g5 4. d4 h6 5. Nc3 Bg7 6. g3 d6 7. gxf4 g4 8. Be3 gxf3 9. Qxf3 c5 10. O-O-O cxd4 11. Bxd4 Bxd4 12. Rxd4 Nc6 13. Bb5 Kf8 14. Bxc6 bxc6 15. Rhd1 Qh4 16. f5 d5 17. exd5 Qg5+ 18. Rf4 h5 19. Ne4 Qd8 20. Qa3+ c5 21. Qxc5+ Qe7 22. d6 Qd7 23. Qe5 1-0

[Event "Staunton CC King´s Gambit theme-A"]
[Site "Groningen"]
[Date "2002.09.07"]
[Round "2"]
[White "Van der Marel, Lambertus"]
[Black "Houtman, Joop"]
[Result "1/2-1/2"]
[WhiteElo "2120"]
[BlackElo "2141"]
[PlyCount "162"]
[EventDate "2002.09.??"]
[Source "ChessBase"]
[SourceDate "2002.11.06"]

1. e4 e5 2. f4 exf4 3. Nf3 g5 4. d4 d6 5. h4 g4 6. Ng1 Nf6 7. Bxf4 Nxe4 8. Bd3 Qe7 9. Qe2 Nf6 10. Nc3 Nc6 11. O-O-O Qxe2 12. Ngxe2 Be7 13. Bh6 Nb4 14. Bc4 d5 15. Bb3 c6 16. a3 Na6 17. Rde1 Be6 18. Nf4 Kd7 19. Rhf1 Ne8 20. g3 Nac7 21. Nd3 Bd6 22. Ne2 Rd8 23. Bg5 f6 24. Bh6 Rg8 25. Nef4 Bf7 26. c3 b6 27. Bc2 Bf8 28. Bxf8 Rxf8 29. Nf2 h5 30. Bf5+ Kd6 31. N2d3 Ng7 32. Bg6 Rde8 33. Rxe8 Ncxe8 34. Bxf7 Rxf7 35. Ng6 Rc7 36. b4 Ke6 37. Ndf4+ Kf7 38. Ne5+ Kg8 39. Ned3 Nd6 40. Ne2 Ne4 41. Ndf4 Kh7 42. Kc2 Nf5 43. Nxd5 Nfxg3 44. Nxg3 Nxg3 45. Nxf6+ Kg6 46. Rf2 Rf7 47. Rg2 Nf5 48. Nxg4 hxg4 49. Rxg4+ Kf6 50. Rf4 Rh7 51. Re4 Rxh4 52. Re8 Rh2+ 53. Kb3 Rh3 54. Kb2 Re3 55. Rc8 Ne7 56. Ra8 Ke6 57. c4 Rd3 58. Rxa7 Rxd4 59. Kc3 Rd7 60. Ra6 Rb7 61. a4 Kd7 62. Ra8 Kc7 63. Re8 Kd7 64. Rh8 Ra7 65. Kb3 Rc7 66. Rh6 Rc8 67. b5 Rb8 68. Kb4 Rg8 69. bxc6+ Nxc6+ 70. Kb5 Nd4+ 71. Kxb6 Rb8+ 72. Kc5 Ne6+ 73. Kd5 Nc7+ 74. Kd4 Rb4 75. a5 Ra4 76. Rh5 Kc6 77. Rc5+ Kb7 78. Ke5 Na6 79. Rb5+ Kc7 80. Kd4 Nb8 81. Rc5+ Kd7 1/2-1/2

[Event "Oberliga Bayern9899"]
[Site "Bayern"]
[Date "1998.??.??"]
[Round "?"]
[White "Limmer, Stefan"]
[Black "Niessen, Helga"]
[Result "0-1"]
[WhiteElo "2155"]
[BlackElo "2085"]
[PlyCount "87"]
[EventDate "1998.??.??"]
[Source "www.chesslib.no"]
[SourceDate "2004.05.04"]

1. e4 e5 2. f4 exf4 3. Nf3 g5 4. d4 Bg7 5. Bc4 d6 6. h4 h6 7. c3 Qe7 8. O-O Nd7 9. b3 Nb6 10. e5 d5 11. Bd3 g4 12. Nh2 f3 13. g3 Qe6 14. a4 a5 15. Na3 Ne7 16. Nb5 Kd8 17. Rf2 Nf5 18. Nf1 Bf8 19. Bf4 c6 20. Bxf5 Qxf5 21. Nd6 Bxd6 22. exd6 Be6 23. Qd2 Qg6 24. Re1 Nd7 25. Qe3 Nf6 26. Qe5 Kd7 27. c4 Rhe8 28. Ne3 Ne4 29. cxd5 Bxd5 30. Nxd5 Rxe5 31. Nb6+ Kd8 32. d7 Ra6 33. Nc4 Re6 34. Rb2 Kxd7 35. Ne5+ Rxe5 36. dxe5 Nc5 37. Rd2+ Ke7 38. e6 Nxe6 39. Bd6+ Ke8 40. Bc7 Kf8 41. Bd6+ Kg7 42. Be5+ Kh7 43. Rd7 Rb6 44. h5 0-1

[Event "BCF Ch"]
[Site "Southampton ENG"]
[Date "1986.??.??"]
[Round "9"]
[White "Lyell, Mark"]
[Black "Varley, Peter"]
[Result "1-0"]
[WhiteElo "2030"]
[BlackElo "2210"]
[PlyCount "43"]
[EventDate "1986.07.28"]
[Source "www.chesslib.no"]
[SourceDate "2004.05.04"]

1. e4 e5 2. f4 exf4 3. Nf3 g5 4. d4 Bg7 5. h4 h6 6. hxg5 hxg5 7. Rxh8 Bxh8 8. g3 g4 9. Nh2 d5 10. Bxf4 dxe4 11. c3 f5 12. Qb3 Ne7 13. Na3 c6 14. Nc4 Nd5 15. Nd6+ Ke7 16. Qa3 Kf6 17. Bg5+ Kxg5 18. Nf7+ Kg6 19. Nxd8 Bf6 20. Qf8 Nd7 21. Qg8+ Bg7 22. Ne6 1-0

[Event "Corr"]
[Site "?"]
[Date "2001.05.20"]
[Round "?"]
[White "Chetvertakoff Valery"]
[Black "Pinasco Damian"]
[Result "1/2-1/2"]
[WhiteElo "2194"]
[BlackElo "2036"]
[PlyCount "49"]
[EventDate "2001.??.??"]
[Source "www.chesslib.no"]
[SourceDate "2004.05.04"]

1. e4 e5 2. f4 exf4 3. Nf3 g5 4. d4 g4 5. Bxf4 gxf3 6. Qxf3 d6 7. Nc3 Nc6 8. Bc4 Nxd4 9. Bxf7+ Kxf7 10. Qh5+ Kg7 11. O-O-O Nf6 12. Qg5+ Kf7 13. Rxd4 Rg8 14. Qh4 Qe7 15. h3 Rxg2 16. Rf1 Kg6 17. Rd2 Rxd2 18. Qg5+ Kf7 19. Bxd2 c6 20. Qh4 Bg7 21. e5 Qxe5 22. Ne4 Bxh3 23. Ng5+ Kg8 24. Qxh3 d5 25. Re1 1/2-1/2

[Event "Corr"]
[Site "?"]
[Date "2000.10.01"]
[Round "?"]
[White "Hague Ben"]
[Black "Kovacs Arthur"]
[Result "0-1"]
[WhiteElo "2188"]
[BlackElo "2024"]
[PlyCount "32"]
[EventDate "2000.??.??"]
[Source "www.chesslib.no"]
[SourceDate "2004.05.04"]

1. e4 e5 2. f4 exf4 3. Nf3 g5 4. d4 g4 5. Bxf4 gxf3 6. Qxf3 d6 7. Nc3 Nc6 8. Bc4 Bg7 9. O-O Bxd4+ 10. Kh1 Be6 11. Bxe6 fxe6 12. Qh5+ Kd7 13. Bg5 Qe8 14. Rf7+ Nge7 15. Raf1 Rf8 16. Nd5 Nd8 0-1

[Event "Corr"]
[Site "?"]
[Date "2001.10.01"]
[Round "?"]
[White "Boonekamp Maarten"]
[Black "Mary Patrick"]
[Result "0-1"]
[WhiteElo "1940"]
[BlackElo "2267"]
[PlyCount "34"]
[EventDate "2001.??.??"]
[Source "www.chesslib.no"]
[SourceDate "2004.05.04"]

1. e4 e5 2. f4 exf4 3. Nf3 g5 4. d4 g4 5. Bxf4 gxf3 6. Qxf3 Nc6 7. Bc4 d5 8. Bxd5 Nxd4 9. Bxf7+ Kxf7 10. Qh5+ Kg7 11. Be5+ Nf6 12. O-O Be7 13. Nc3 Qe8 14. Qh4 Nf3+ 15. Rxf3 Bc5+ 16. Kh1 Qxe5 17. Rg3+ Ng4 0-1

[Event "Corr"]
[Site "?"]
[Date "2002.07.16"]
[Round "?"]
[White "Bourgault Pierre"]
[Black "Gomez Galan Arense Joaquin"]
[Result "1/2-1/2"]
[WhiteElo "2109"]
[BlackElo "2068"]
[PlyCount "103"]
[EventDate "2002.??.??"]
[Source "www.chesslib.no"]
[SourceDate "2004.05.04"]

1. e4 e5 2. f4 exf4 3. Nf3 g5 4. d4 g4 5. Bxf4 gxf3 6. Qxf3 d6 7. Bc4 Qh4+ 8. g3 Qe7 9. Nc3 Be6 10. e5 Nc6 11. d5 Nxe5 12. Bxe5 Bh3 13. O-O-O dxe5 14. d6 cxd6 15. g4 Bxg4 16. Qxg4 Nf6 17. Qf5 Bh6+ 18. Kb1 Rg8 19. Rhf1 Bf4 20. Rxd6 Qxd6 21. Ne4 Nxe4 22. Qxf7+ Kd8 23. Qxg8+ Kc7 24. Qxh7+ Qd7 25. Qxe4 Rd8 26. Bd3 Bxh2 27. Rh1 Qg7 28. Qe2 Rh8 29. Qf2 Bg3 30. Qc5+ Kb8 31. Qd6+ Ka8 32. Rxh8+ Qxh8 33. Be4 Qb8 34. Qd7 Bf2 35. c4 Bb6 36. a3 Qc7 37. Qe8+ Qb8 38. Qe6 Qf8 39. Qd5 Qe7 40. b4 Bd8 41. Kc2 Qc7 42. Kc3 Kb8 43. c5 Bg5 44. a4 Bf6 45. b5 Bd8 46. Kd3 Qe7 47. c6 Qa3+ 48. Ke2 Qb2+ 49. Kf3 Qc3+ 50. Kg4 Qd4 51. cxb7 Qg1+ 52. Bg2 1/2-1/2

[Event "Corr"]
[Site "?"]
[Date "2002.??.??"]
[Round "?"]
[White "Bourgault Pierre"]
[Black "Jimenez Joaquin Rodrigo"]
[Result "0-1"]
[WhiteElo "2149"]
[BlackElo "2024"]
[PlyCount "32"]
[EventDate "2002.??.??"]
[Source "www.chesslib.no"]
[SourceDate "2004.05.04"]

1. e4 e5 2. f4 exf4 3. Nf3 g5 4. d4 g4 5. Bxf4 gxf3 6. Qxf3 d6 7. Bc4 Nc6 8. c3 Qh4+ 9. Bg3 Qf6 10. Qd3 Qg6 11. Rf1 Nf6 12. Bh4 Be7 13. Bxf6 Bxf6 14. Qf3 Ke7 15. Nd2 Be6 16. Be2 Bg5 0-1

[Event "Royal op"]
[Site "SWE"]
[Date "1998.??.??"]
[Round "?"]
[White "Larsson, Jan Eric"]
[Black "Ilyes, Peter"]
[Result "0-1"]
[WhiteElo "1770"]
[BlackElo "2400"]
[PlyCount "82"]
[EventDate "1998.??.??"]
[Source "www.chesslib.no"]
[SourceDate "2004.05.04"]

1. e4 e5 2. f4 exf4 3. Nf3 g5 4. d4 h6 5. h4 Bg7 6. hxg5 hxg5 7. Rxh8 Bxh8 8. g3 d5 9. Nc3 dxe4 10. Nxe4 g4 11. Ne5 Bf5 12. Nc3 Bxe5 13. dxe5 Qxd1+ 14. Kxd1 fxg3 15. Bg2 Nc6 16. Bxc6+ bxc6 17. Bg5 Ne7 18. Ke2 Ng6 19. Rg1 Kd7 20. Rxg3 Rh8 21. Nd1 Nxe5 22. Ne3 Rh2+ 23. Kd1 Be4 24. Bf4 Bf3+ 25. Kc1 Re2 26. Nxg4 Nc4 27. c3 Bxg4 28. Rxg4 Nxb2 29. Bg3 c5 30. Rg7 Ke6 31. Bxc7 Nd3+ 32. Kd1 Rxa2 33. Rg3 c4 34. Re3+ Kd7 35. Bb8 f5 36. Rg3 a5 37. Rf3 Rb2 38. Bg3 a4 39. Rxf5 a3 40. Rf7+ Ke6 41. Ra7 a2 0-1

[Event "Corr"]
[Site "?"]
[Date "2000.??.??"]
[Round "14.12"]
[White "Pagnoncelli Marco"]
[Black "Bock Franz"]
[Result "1-0"]
[WhiteElo "2082"]
[BlackElo "2051"]
[PlyCount "57"]
[EventDate "2000.??.??"]
[Source "www.chesslib.no"]
[SourceDate "2004.05.04"]

1. e4 e5 2. f4 exf4 3. Nf3 g5 4. d4 g4 5. Bxf4 gxf3 6. Qxf3 d6 7. Nc3 Nc6 8. Bc4 Qh4+ 9. Bg3 Qf6 10. Qxf6 Nxf6 11. O-O Be7 12. e5 dxe5 13. dxe5 Ng4 14. Bxf7+ Kf8 15. Nd5 Bc5+ 16. Kh1 Ngxe5 17. Bh5+ Kg7 18. Nxc7 Rb8 19. Rae1 Ng6 20. Ne8+ Kh6 21. Bxg6 hxg6 22. Bf4+ g5 23. Bxb8 Nxb8 24. Rf6+ Kh5 25. Ng7+ Kh4 26. Re4+ g4 27. Re5 b6 28. Ne6 Bxe6 29. g3+ 1-0

[Event "Corr"]
[Site "?"]
[Date "1999.11.27"]
[Round "?"]
[White "Fedorko Andrew"]
[Black "Boronka Joseph"]
[Result "1-0"]
[WhiteElo "2038"]
[BlackElo "2040"]
[PlyCount "75"]
[EventDate "1999.??.??"]
[Source "www.chesslib.no"]
[SourceDate "2004.05.04"]

1. e4 e5 2. f4 exf4 3. Nf3 g5 4. d4 d6 5. h4 g4 6. Ng1 f5 7. Nc3 fxe4 8. Bxf4 Nf6 9. Qd2 d5 10. Nge2 c6 11. Ng3 Bb4 12. Be2 Be6 13. O-O Nbd7 14. Rae1 Rf8 15. a3 Be7 16. Qe3 Rf7 17. Bg5 Qc7 18. Nd1 O-O-O 19. c4 Bd6 20. cxd5 Bxd5 21. Nf5 Bh2+ 22. Kh1 Be6 23. Nc3 Re8 24. d5 Nxd5 25. Nxd5 Bxd5 26. Bxg4 h6 27. Nxh6 Rxf1+ 28. Rxf1 Be5 29. Qxa7 Be6 30. Nf5 Qb8 31. Qe3 b5 32. Ne7+ Rxe7 33. Bxe7 Bxg4 34. Qxe4 Bh5 35. Qxc6+ Qc7 36. Qa6+ Kb8 37. Qxb5+ Ka7 38. Bg5 1-0

[Event "Budapest HUN"]
[Site "?"]
[Date "2002.01.08"]
[Round "5"]
[White "Rabovszky Gyorgy"]
[Black "Ladanyi Gyula"]
[Result "1-0"]
[WhiteElo "2070"]
[BlackElo "2000"]
[PlyCount "31"]
[EventDate "2002.??.??"]
[Source "www.chesslib.no"]
[SourceDate "2004.05.04"]

1. e4 e5 2. f4 exf4 3. Nf3 g5 4. d4 g4 5. Bc4 gxf3 6. Qxf3 Bg7 7. Bxf4 Qf6 8. e5 Qe7 9. O-O f6 10. Nc3 c6 11. Rae1 Kd8 12. exf6 Qxf6 13. Qg3 Qxd4+ 14. Kh1 d6 15. Bxd6 Bd7 16. Bxb8 1-0

[Event "Corr"]
[Site "?"]
[Date "2001.02.04"]
[Round "?"]
[White "Bourgault Pierre"]
[Black "Portune Frank R"]
[Result "0-1"]
[WhiteElo "2032"]
[BlackElo "2003"]
[PlyCount "36"]
[EventDate "2001.??.??"]
[Source "www.chesslib.no"]
[SourceDate "2004.05.04"]

1. e4 e5 2. f4 exf4 3. Nf3 g5 4. d4 g4 5. Bxf4 gxf3 6. Qxf3 Nc6 7. c3 d6 8. Nd2 Bh6 9. Bc4 Qh4+ 10. Bg3 Bxd2+ 11. Kxd2 Qg5+ 12. Bf4 Qg6 13. h3 Bd7 14. Raf1 O-O-O 15. Bd3 f5 16. Be3 fxe4 17. Bxe4 Qg7 18. Rf2 Re8 0-1

[Event "Corr"]
[Site "?"]
[Date "2004.01.02"]
[Round "?"]
[White "Evans Craig"]
[Black "Canizares Cuadra Pedro"]
[Result "0-1"]
[WhiteElo "1952"]
[BlackElo "2035"]
[PlyCount "48"]
[EventDate "2004.??.??"]
[Source "www.chesslib.no"]
[SourceDate "2004.05.04"]

1. e4 e5 2. f4 exf4 3. Nf3 g5 4. d4 g4 5. Bxf4 gxf3 6. Qxf3 Nc6 7. Bc4 Qh4+ 8. g3 Nxd4 9. Qd3 Qf6 10. Nc3 Ne7 11. O-O-O c5 12. e5 Qg6 13. Ne4 Nec6 14. c3 Ne6 15. Nf6+ Kd8 16. Qe3 h5 17. Rhf1 Be7 18. Nd5 h4 19. Rd2 hxg3 20. hxg3 Rb8 21. Nf6 Nxf4 22. Qxf4 b5 23. Bd5 Rb6 24. Be4 Qg7 0-1

[Event "Corr"]
[Site "?"]
[Date "2004.01.02"]
[Round "?"]
[White "Canizares Cuadra Pedro"]
[Black "Evans Craig"]
[Result "0-1"]
[WhiteElo "2035"]
[BlackElo "1932"]
[PlyCount "86"]
[EventDate "2004.??.??"]
[Source "www.chesslib.no"]
[SourceDate "2004.05.04"]

1. e4 e5 2. f4 exf4 3. Nf3 g5 4. d4 g4 5. Bxf4 gxf3 6. Qxf3 Nc6 7. c3 Bh6 8. d5 Bxf4 9. Qxf4 Nce7 10. Qe5 f6 11. Qh5+ Ng6 12. Nd2 Qe7 13. O-O-O Qe5 14. Qe2 N8e7 15. Kb1 d6 16. Nf3 Qf4 17. Qc4 c5 18. dxc6 bxc6 19. Qd4 d5 20. Bd3 c5 21. Qa4+ Kf7 22. Rhf1 Kg7 23. Bc2 Bb7 24. Nd4 Qd6 25. Nf5+ Nxf5 26. Rxf5 Rae8 27. exd5 Bc8 28. Rf2 Bd7 29. Qc4 Re5 30. h3 Rhe8 31. Qd3 Re1 32. Qd2 Qe5 33. Kc1 c4 34. g4 Rxd1+ 35. Bxd1 Qg3 36. Rf3 Qg1 37. Qd4 Qxd4 38. cxd4 Re4 39. Ra3 Rxd4 40. Rxa7 Rxd5 41. b4 cxb3 42. Bxb3 Rd6 43. a4 Kh6 0-1

[Event "Staunton CC King´s Gambit theme-B"]
[Site "Groningen"]
[Date "2002.09.07"]
[Round "2"]
[White "Hummel, Joop"]
[Black "Tangarife, Gonzalo"]
[Result "0-1"]
[WhiteElo "1920"]
[BlackElo "1966"]
[PlyCount "32"]
[EventDate "2002.09.??"]
[Source "ChessBase"]
[SourceDate "2002.11.06"]

1. e4 e5 2. f4 exf4 3. Nf3 g5 4. d4 c6 5. Nc3 d6 6. Bc4 b5 7. Bb3 a5 8. O-O Be7 9. Nxg5 Bxg5 10. Bxf4 Bxf4 11. Rxf4 Nf6 12. Qf3 Nbd7 13. e5 dxe5 14. dxe5 Nxe5 15. Re1 Qe7 16. Qxc6+ Nxc6 0-1

[Event "Val Thorens"]
[Site "?"]
[Date "2002.07.25"]
[Round "7"]
[White "Lachaux Jerome"]
[Black "Bernard Jean"]
[Result "0-1"]
[WhiteElo "2037"]
[BlackElo "1830"]
[PlyCount "68"]
[EventDate "2002.??.??"]
[Source "www.chesslib.no"]
[SourceDate "2004.05.04"]

1. e4 e5 2. f4 exf4 3. Nf3 g5 4. d4 Bg7 5. h4 h6 6. hxg5 hxg5 7. Rxh8 Bxh8 8. g3 g4 9. Nh2 fxg3 10. Qxg4 Ne7 11. Nf3 d5 12. Qh5 Ng6 13. Bg5 Bf6 14. Nc3 Bxg5 15. Nxg5 Qf6 16. Nf3 dxe4 17. Nxe4 Qf4 18. Qb5+ c6 19. Qe2 Kf8 20. Bg2 Bg4 21. Ned2 Nd7 22. O-O-O Re8 23. Qf1 Nf6 24. Ne5 Kg7 25. Nxg4 Nxg4 26. Qxf4 Nxf4 27. Bf3 Nh2 28. c4 Re3 29. Rg1 g2 30. Kc2 Nxf3 31. Nxf3 Rxf3 32. d5 Rf2+ 33. Kc3 Rf1 34. dxc6 bxc6 0-1

[Event "Corr"]
[Site "?"]
[Date "2001.12.22"]
[Round "?"]
[White "Chetvertakoff Valery"]
[Black "Arbis Fotis"]
[Result "1/2-1/2"]
[WhiteElo "2195"]
[BlackElo "1429"]
[PlyCount "59"]
[EventDate "2001.??.??"]
[Source "www.chesslib.no"]
[SourceDate "2004.05.04"]

1. e4 e5 2. f4 exf4 3. Nf3 g5 4. d4 g4 5. Bxf4 gxf3 6. Qxf3 Nc6 7. Bc4 d5 8. Bxd5 Nxd4 9. Bxf7+ Kxf7 10. Qh5+ Kg7 11. O-O Be7 12. Nc3 Nf6 13. Bh6+ Kg8 14. Qg5+ Kf7 15. e5 Rg8 16. Qh5+ Rg6 17. Bg5 Bf5 18. Bxf6 Bxf6 19. exf6 Qxf6 20. Rae1 Qg5 21. Qxg5 Rxg5 22. Ne4 Rg4 23. h3 Rh4 24. g4 Rg8 25. Kg2 h5 26. Kg3 Nf3 27. Rxf3 Rxh3+ 28. Kxh3 hxg4+ 29. Kg3 gxf3+ 30. Kxf3 1/2-1/2

[Event "Corr"]
[Site "?"]
[Date "2002.01.19"]
[Round "?"]
[White "Taffijn Aad"]
[Black "Dayants Vladimir"]
[Result "0-1"]
[WhiteElo "1616"]
[BlackElo "1882"]
[PlyCount "38"]
[EventDate "2002.??.??"]
[Source "www.chesslib.no"]
[SourceDate "2004.05.04"]

1. e4 e5 2. f4 exf4 3. Nf3 g5 4. d4 g4 5. Ne5 Qh4+ 6. g3 fxg3 7. Qxg4 g2+ 8. Qxh4 gxh1=Q 9. Nc3 Be7 10. Qh5 Nf6 11. Qxf7+ Kd8 12. Qc4 d5 13. exd5 Ne4 14. Nb5 Bh4+ 15. Kd1 Na6 16. Bh6 Bh3 17. d6 cxd6 18. Nf7+ Ke7 19. Nc7 b5 0-1